| 000 | 00356nam a22001457a 4500 | ||
|---|---|---|---|
| 008 | 210225b ||||| |||| 00| 0 eng d | ||
| 020 | _a2900078023124 | ||
| 041 | _aeng | ||
| 080 | _a33 | ||
| 082 | _a33 | ||
| 100 | _a59 | ||
| 101 | _aBIZ | ||
| 245 |
_aBussines connecting principles to practice _cNicekls, W.G McHugh J.M & McHugh S.M |
||
| 942 |
_2udc _cBK |
||
| 999 |
_c55225 _d55225 |
||